Κώδικας Οδικής Κυκλοφορίας (Κ.Ο.Κ.) / Άτυπη Κωδικοποίηση του Κώδικα Οδικής Κυκλοφορίας (Record no. 5966)
[ view plain ]
| 000 -LEADER | |
|---|---|
| fixed length control field | 01550cam a22001934a 4500 |
| 005 - ΗΜΕΡΟΜΗΝΙΑ ΚΑΙ ΩΡΑ ΤΕΛΕΥΤΑΙΑΣ ΕΝΗΜΕΡΩΣΗΣ | |
| Πεδίο ελέγχου | 20250605163520.0 |
| 008 - FIXED-LENGTH DATA ELEMENTS--GENERAL INFORMATION | |
| Πεδίο ελέγχου σταθερού μήκους | 250528s ||||||||||||||||||||||||d |
| 035 ## - SYSTEM CONTROL NUMBER | |
| System control number | 20886 |
| 020 ## - ISBN | |
| ISBN | 9789603370710 |
| 040 ## - ΠΗΓΗ ΚΑΤΑΛΟΓΟΓΡΑΦΗΣΗΣ | |
| Φορέας πρωτότυπης καταλογογράφησης | MC Athens Campus Library |
| Γλώσσα καταλογογράφησης | Ελληνικά, Μοντέρνα (1453-) |
| Modifying agency | MC Athens Campus Library |
| Κανόνες περιγραφικής καταλογογράφησης | AACR2 |
| 245 1# - ΤΙΤΛΟΣ ΚΑΙ ΔΗΛΩΣΗ ΥΠΕΥΘΥΝΟΤΗΤΑΣ | |
| Τίτλος | Κώδικας Οδικής Κυκλοφορίας (Κ.Ο.Κ.) / Άτυπη Κωδικοποίηση του Κώδικα Οδικής Κυκλοφορίας |
| 250 ## - EDITION STATEMENT | |
| Edition statement | 2η |
| 260 ## - PUBLICATION, DISTRIBUTION, ETC. | |
| Name of publisher, distributor, etc. | Ίδρυμα Ευγενίδου |
| -- | Υπουργείο Μεταφορών Και Επικοινωνιών, |
| Date of publication, distribution, etc. | 2009 |
| 300 ## - PHYSICAL DESCRIPTION | |
| Extent | 232 |
| 520 ## - SUMMARY, ETC. | |
| Summary, etc. | Η Ζωή επιβάλλει τους Κανόνες. Κώδικας Οδικής Κυκλοφορίας (Κ.Ο.Κ.), Οδική Σήμανση και Σηματοδότηση, Κανόνες Οδικής Συμπεριφοράς, Τεχνικές Προδιαγραφές και Απογραφή και Ταξινόμηση και Θέση σε Κυκλοφορία και Οδήγηση Οδικών Οχημάτων, Πίνακας Σχεδίων Πινακιδίων Σήμανσης Οδών, Πίνακες των Άρθρων του Κ.Ο.Κ. (ν. 2696/ 1999), Πίνακας Ποινών Κ.Ο.Κ., Απόφαση Σχετική με το ''Σύστημα Ελέγχου Συμπεριφοράς Οδηγών Αυτοκινήτων - Μοτοσδικλετών και Μοτοποδηλάτων'' - (Σ.Ε.Σ.Ο.), Περιγραφή των Κωδικοποιημένων Νόμων. |
| 942 ## - ADDED ENTRY ELEMENTS (KOHA) | |
| Koha item type | Books |
| Τύπος τεκμηρίου | Βιβλιοθήκη | Τρέχουσα τοποθεσία | Barcode | Αριθμός εισαγωγής | Ημερομηνία απόκτησης | Ταξιθετικό σύμβολο | Αριθμός αντιτύπου | Κατάσταση απόσυρσης | Κατάσταση χαμένου | Κατάσταση κατεστραμμένου | Μη δανεισμός | Σύνολο δανεισμών | Ημερομηνία τελευταίας εμφάνισης | Η τιμή ισχύει από |
|---|---|---|---|---|---|---|---|---|---|---|---|---|---|---|
| Books | MC Athens Campus Library | MC Athens Campus Library | 9780000059659 | 6542 | 05/06/2025 | 341.7568 KOK | 1 | 05/06/2025 | 05/06/2025 |